| 000 | 01001nam a2200289Ia 4500 | ||
|---|---|---|---|
| 003 | OSt | ||
| 005 | 20221007125409.0 | ||
| 006 | a|||||r|||| 00| 0 | ||
| 007 | ta | ||
| 008 | 221006b |||||||| |||| 00| 0 eng d | ||
| 020 |
_a0486663175 (pbk) _c _ 14.95 |
||
| 024 | _a9979 | ||
| 037 |
_bI K, _cTextual |
||
| 040 |
_aCDL _cCDL _beng |
||
| 041 |
_2eng _aeng |
||
| 082 | _aC53:55, N0 | ||
| 100 | _aWarren B E | ||
| 245 | 0 | _aX-ray diffraction by B E Warren | |
| 260 |
_aNew _bYork Dover Pub. Inc. _c1990 |
||
| 300 |
_a381p _ccm. |
||
| 500 | _aIncludes bibliographical references; Appendix I-VI, 359-374p; Index 375-381p; ^n23/CSL/CARC/2002-2003/474^d2002-11-14^mPurchase; ; 2002-03/505^b2002-12-11^cIK/2002/2045^d2002-11-28^eRs.1,572.00^fI K International Pvt. Ltd.; ; 2003-01-23^bSB^c2003-07-28^dRPS | ||
| 650 |
_a Diffraction _9721889 |
||
| 650 |
_a X-rays _9519685 |
||
| 650 | _aPhysics | ||
| 942 |
_hC53:55, N0 _cTEXL _2CC |
||
| 999 |
_c1215205 _d1215205 |
||